01088nam a2200157 4500008001300000020001800013082001800031100002900049245006100078260004800139300003400187505049100221650008800712999001500800952011500815599.95 H254s a9780822362241 a599.95bH254s aHaraway, Donna J. 96913 aStaying with the Trouble bMaking Kin in the Chthulucene aEstados UnidosbDuke University Pressc2016 a296 p.bill (col)c23 x 15 cm tIntroduction t1. Playing string figures with companion species t2. Tentacular thinking: Anthropocene, Capitalocene, Chthulucenet3. Sympoiesis: Symbiogenesis and the Lively Arts of Staying with the Trouble t4. Making Kin: Anthropocene, Capitalocene, Plantationocene, Chthulucenet5. Awash in Urine: DES and Premarin in Multispecies Response-ability t6. Sowing Worlds: A Seed Bag for Terraforming with Earth Otherst7. A Curious Practicet8. The Camille Stories: Children of Compost  xecologíaxrelaciones humanas-animalesxmamíferos xambiente-psicología 96914 c1728d1728 00102ddc4070aLVbLVcPensamientod2019-02-21l0o599.95 H254sp004682r2019-02-21 00:00:00w2019-02-21y01